Peter Bogdanovich Filmography - Statistics

General Stats
  • This quiz has been taken 5 times
  • The average score is 12 of 140
Answer Stats
Year Movie % Correct
1931 M
80%
1973 Paper Moon
80%
2014 She's Funny That Way
80%
1971 The Last Picture Show
80%
1993 The Thing Called Love
80%
1985 Mask
60%
1968 Targets
60%
2001 The Cat's Meow
60%
1981 They All Laughed
60%
1972 What's Up, Doc?
60%
1975 At Long Last Love
40%
1971 Directed by John Ford
40%
1992 Noises Off
40%
1979 Saint Jack
40%
1990 Texasville
40%
2018 The Other Side of the Wind
40%
2010 Abandoned
20%
1974 Daisy Miller
20%
2012 Frances Ha
20%
1986 Illegally Yours
20%
2019 It Chapter Two
20%
1997 Jackie Brown
20%
1976 Nickelodeon
20%
2018 The Great Buster: A Celebration
20%
1962 The Man Who Shot Liberty Valance
20%
1956 The Searchers
20%
2005 The Squid and the Whale
20%
2018 They'll Love Me When I'm Dead
20%
1996 To Sir, With Love II
20%
1968 Voyage to the Planet of Prehistoric Women
20%
2014 While We're Young
20%
2004 3D: A Brief History
0%
1998 54
0%
2019 Above Suspicion
0%
2000 All About 'the Birds'
0%
2013 Are You Here
0%
2022 Argentina, 1985
0%
1971 A Safe Place
0%
1999 A Saintly Switch
0%
2004 Before the Fact: Suspicious Hitchcock
0%
1997 Bella Mafia
0%
2016 Between Us
0%
1938 Bringing Up Baby
0%
2007 Broken English
0%
2005 Budd Boetticher: A Man Can Do That
0%
2011 By Bogdanovich
0%
2019 Carl Laemmle
0%
1941 Citizen Kane
0%
1952 Clash by Night
0%
2013 Cold Turkey
0%
1999 Coming Soon
0%
2007 Dedication
0%
2001 'Rear Window' Ethics: Remembering and Restoring A Hitchcock Classic
0%
1997 Dogtown
0%
2013 Don't Let Me Go
0%
2016 Durant's Never Closes
0%
1966 El Dorado
0%
2001 Festival in Cannes
0%
1973 F For Fake
0%
1970 Five Easy Pieces
0%
1955 French Cancan
0%
1936 Fury
0%
1997 Highball
0%
2004 Hitchcock and Dial M
0%
2004 Hitchcock and 'Stage Fright'
0%
1999 Hitchcock: Shadow of A Genius
0%
2008 Humboldt County
0%
2004 Hustle
0%
2008 Il falso bugiardo
0%
2006 Infamous
0%
2003 Kill Bill: Volume 1
0%
2004 Kill Bill: Volume 2
0%
1938 La Bete Humaine
0%
1955 Land of the Pharaohs
0%
1969 Lions Love (...And Lies)
0%
2018 Los Angeles Overnight
0%
1937 Make Way For Tomorrow
0%
2004 Mr. Hitchcock Meets the Smiths
0%
1997 Mr. Jealousy
0%
1998 Naked City: A Killer Christmas
0%
1946 Notorious
0%
2014 One Day Since Yesterday: Peter Bogdanovich and the Lost American Film
0%
TBD One Lucky Moon
0%
1939 Only Angels Have Wings
0%
1977 Opening Night
0%
1951 Othello
0%
TBD Our Love Is Here to Stay
0%
2021 Palmer
0%
1999 Passion and Romance: The Wings of the Dove
0%
2015 Pearly Gates
0%
2004 Personal History: Foreign Hitchcock
0%
2014 Phantom Halo
0%
1995 Prowler
0%
2010 Queen of the Lot
0%
2000 Rated X
0%
2018 Reborn
0%
1948 Red River
0%
2008 Reinventando Hollywood
0%
1997 Rescuers: Stories of Courage: Two Women
0%
2004 Scene Stealers
0%
2016 Six LA Love Stories
0%
2003 Skeeter Hammond: Handles, Hops and the Fourth Dimension
0%
1939 Stagecoach
0%
1951 Strangers on A Train
0%
TBD Tangiers By Friday
0%
2014 TCM: Twenty Classic Moments
0%
1984 The City Girl
0%
TBD The Cole Porter Project
0%
2019 The Creatress
0%
2004 The Definition of Insanity
0%
2007 The Doorman
0%
2007 The Dukes
0%
2007 The Fifth Patient
0%
1967 The Great Professional: Howard Hawks
0%
2000 The Independent
0%
1941 The Lady Eve
0%
1947 The Lady From Shanghai
0%
1999 The Last Picture Show: A Look Back
0%
1927 The Lodger: A Story of the London Fog
0%
1942 The Magnificent Ambersons
0%
2004 The Mystery of Natalie Wood
0%
1997 The Price of Heaven
0%
2000 The Prime Gig
0%
TBD The Rabbit Will Die
0%
1928 The Racket
0%
1939 The Rules of the Game
0%
2014 The Tell-Tale Heart
0%
1949 The Third Man
0%
1967 The Trip
0%
2014 The True Adventures of Raoul Walsh
0%
1966 The Wild Angels
0%
1955 To Catch A Thief
0%
2010 Tomorrow, Yesterday, and Today
0%
2007 Tom Petty and the Heartbreakers: Runnin' Down A Dream
0%
1932 Trouble in Paradise
0%
2008 Twelve
0%
1998 Warner Bros. 75th Anniversary: Not Guts, No Glory
0%
2013 What is Cinema?
0%
2018 What She Said: The Art of Pauline Kael
0%
2023 Willie and Me
0%
No matching quizzes found
Score Distribution
Percent of People with Each Score
Percentile by Number Answered
Your Score History
You have not taken this quiz